Katie's Russian holiday / (Record no. 7786)

MARC details
000 -LEADER
fixed length control field 00917nam a22002777a 4500
001 - CONTROL NUMBER
control field 7786
003 - CONTROL NUMBER IDENTIFIER
control field FISKH
005 - DATE AND TIME OF LATEST TRANSACTION
control field 20250806140503.0
008 - FIXED-LENGTH DATA ELEMENTS--GENERAL INFORMATION
fixed length control field 250806b cb ||||| |||| 00| 0 eng d
020 ## - INTERNATIONAL STANDARD BOOK NUMBER
International Standard Book Number 9780890818619
040 ## - CATALOGING SOURCE
Original cataloging agency FISKH
Language of cataloging eng
Transcribing agency FISKH
Modifying agency FISKH
050 ## - LIBRARY OF CONGRESS CALL NUMBER
Classification number PZ7.M5748 K
100 ## - MAIN ENTRY--PERSONAL NAME
Personal name Mezek, Karen
245 ## - TITLE STATEMENT
Title Katie's Russian holiday /
Statement of responsibility, etc. By Karen Mezek
260 ## - PUBLICATION, DISTRIBUTION, ETC.
Place of publication, distribution, etc. Eugene, Oregon :
Name of publisher, distributor, etc. Harvest House Publishers ,
Date of publication, distribution, etc. 1991.
300 ## - PHYSICAL DESCRIPTION
Extent 54 pages :
Other physical details illustrations, maps ;
Dimensions 22 cm .
490 ## - SERIES STATEMENT
Series statement Katie's world
Volume/sequential designation 4
505 ## - FORMATTED CONTENTS NOTE
Formatted contents note R <br/>
520 ## - SUMMARY, ETC.
Summary, etc. While trying to find a missing American teacher in the Soviet Union, Katie foils an assassination attempt on the Soviet president's life.
521 8# - TARGET AUDIENCE NOTE
Target audience note 780 <br/><br/>
Source Lexile estimate <br/><br/>
521 8# - TARGET AUDIENCE NOTE
Target audience note R <br/>
Source Raz-Plus <br/>
650 ## - SUBJECT ADDED ENTRY--TOPICAL TERM
Topical term or geographic name entry element Mystery and detective stories
Form subdivision Fiction
650 ## - SUBJECT ADDED ENTRY--TOPICAL TERM
Topical term or geographic name entry element Soviet Union
Form subdivision Fiction
942 ## - ADDED ENTRY ELEMENTS (KOHA)
Source of classification or shelving scheme Dewey Decimal Classification
Koha item type Books
Suppress in OPAC No
Holdings
Withdrawn status Lost status Source of classification or shelving scheme Damaged status Not for loan Collection Home library Current library Shelving location Date acquired Total Checkouts Full call number Barcode Date last seen Price effective from Koha item type
    Dewey Decimal Classification     Juvenile Fiction Footprints International School Library Network Toul Tom Poung Campus Footprints International School Library Network Toul Tom Poung Campus TTP Primary Orange Bookshelves 08/06/2025   MEZ PZ7.M5748 K FIS00318 08/06/2025 08/06/2025 Books